[Event "Biedermeier op 3rd"]
[Site "Austria"]
[Date "2001.??.??"]
[Round "2"]
[White "Simon, Zsuzsanna"]
[Black "Gruen, Thomas"]
[Result "1-0"]
[WhiteElo "2010"]
[BlackElo "1820"]
[PlyCount "95"]
[EventDate "2001.??.??"]
[EventType "swiss"]
[EventRounds "5"]
[EventCountry "AUT"]
[SourceTitle "EXT 2003"]
[Source "ChessBase"]
[SourceDate "2002.11.25"]
[SourceVersion "1"]
[SourceVersionDate "2002.11.25"]
[SourceQuality "1"]

1. d4 Nf6 2. Nc3 d5 3. Bg5 e6 4. e4 dxe4 5. Nxe4 Be7 6. Bxf6 Bxf6 7. c3 0-0 8. f4 b6 9. Qf3 c6 10. Nh3 Bb7 11. Bd3 h6 12. Bc2 Ba6 13. 0-0-0 Be7 14. g4 Qd5 15. g5 f5 16. gxf6 Bxf6 17. Nxf6+ Rxf6 18. Qg4 h5 19. Qg3 Be2 20. Rhg1 Bg4 21. Nf2 Qf3 22. Nxg4 hxg4 23. Qxg4 Qxf4+ 24. Qxf4 Rxf4 25. Rg6 Rf6 26. Rxf6 gxf6 27. Bb3 Na6 28. Bxe6+ Kg7 29. Rg1+ Kh7 30. Bf5+ Kh8 31. Rg6 Rf8 32. Kd2 Nc7 33. c4 b5 34. b3 Rf7 35. Kc3 a5 36. Be4 b4+ 37. Kd2 Ne6 38. d5 Nc5 39. Bf5 cxd5 40. cxd5 Rh7 41. d6 Rxh2+ 42. Ke3 Rxa2 43. d7 Nb7 44. Rxf6 a4 45. bxa4 Ra3+ 46. Kf4 b3 47. Rb6 Rxa4+ 48. Ke3 1-0